[Event "Saverne-Epinal"]
[Site "Metz"]
[Date "2007.11.24"]
[Round "2.7"]
[White "Brolly, Pierre Louis"]
[Black "Cordier, Arnaud"]
[Result "1-0"]
[WhiteElo "1980"]
[BlackElo "2144"]
[PlyCount "125"]
[EventDate "2007.11.24"]
[SourceDate "2007.10.27"]

1. e4 Nc6 2. Nf3 e5 3. Bc4 Bc5 4. c3 Bb6 5. O-O Nf6 6. d4 Qe7 7. Re1 d6 8. d5
Nb8 9. Nbd2 O-O 10. Nf1 Ng4 11. Be3 Nxe3 12. Nxe3 g6 13. h3 Kh8 14. Qd2 f5 15.
exf5 gxf5 16. Nc2 Rg8 17. Qh6 Nd7 18. Nh4 Qf6 19. Qxf6+ Nxf6 20. Kf1 f4 21.
Rad1 e4 22. Nd4 Bxd4 23. Rxd4 f3 24. gxf3 Bxh3+ 25. Ke2 exf3+ 26. Kd2 Rae8 27.
Nxf3 Rxe1 28. Nxe1 Rg4 29. Rxg4 Bxg4 30. Ke3 Kg7 31. Ng2 Kf7 32. Kf4 Ke7 33.
Ne3 Bd7 34. Bd3 Kf7 35. Kg5 Kg7 36. c4 h6+ 37. Kh4 c6 38. dxc6 bxc6 39. b4 Kf7
40. f3 Be6 41. a4 d5 42. c5 Nd7 43. f4 Ke7 44. Kh5 a5 45. bxa5 Nxc5 46. a6 Bc8
47. a7 Bb7 48. Bc2 Ne6 49. f5 Nf8 50. Bd3 c5 51. Ba6 Ba8 52. Kxh6 Nd7 53. Kg7
Nf6 54. a5 c4 55. Bc8 Ne8+ 56. Kg6 c3 57. Nc2 Nd6 58. f6+ Kd8 59. Be6 Kc7 60.
Nd4 Kb7 61. Bf5 Ka6 62. Bd3+ Kxa7 63. Nf5 1-0

[Event "Saverne-Epinal"]
[Site "Metz"]
[Date "2007.11.24"]
[Round "2.8"]
[White "Kuchly, Audrey"]
[Black "Baujard, Anne"]
[Result "1-0"]
[WhiteElo "1560"]
[BlackElo "1926"]
[PlyCount "79"]
[EventDate "2007.11.24"]
[SourceDate "2007.10.27"]

1. c4 e6 2. g3 d5 3. Bg2 Nf6 4. Nf3 Nbd7 5. b3 dxc4 6. bxc4 Nb6 7. d3 Bd7 8.
Nc3 Bc6 9. O-O Bd6 10. Be3 Nbd7 11. Nb5 a6 12. Nbd4 Bxf3 13. Bxf3 c6 14. Rb1
Qc7 15. Qc2 O-O 16. Nb3 c5 17. Nd2 Rab8 18. a4 b6 19. Rb3 Rfe8 20. Rfb1 a5 21.
Rd1 Red8 22. Nb1 Ne5 23. Bg2 Neg4 24. Bd2 Ne5 25. Na3 Qe7 26. Rdb1 Bc7 27. Bc3
Ng6 28. Nb5 Be5 29. Qb2 Bxc3 30. Nxc3 Rd6 31. Rb5 Qd8 32. Rxc5 Nd7 33. Rb5 Nge5
34. Ne4 Qc7 35. Nxd6 Qxd6 36. Qc3 g6 37. d4 Nc6 38. Bxc6 Qxc6 39. c5 h5 40. Qb2
1-0

[Event "Besancon TPG II-Reims Echec et Mat"]
[Site "Metz"]
[Date "2007.11.24"]
[Round "2.1"]
[White "Naudier, Serge"]
[Black "Varoquier, Romain"]
[Result "1-0"]
[WhiteElo "2266"]
[BlackElo "2071"]
[PlyCount "45"]
[EventDate "2007.11.24"]
[SourceDate "2007.10.27"]

1. e4 e5 2. d4 exd4 3. Qxd4 Nc6 4. Qe3 Nf6 5. Nc3 Bb4 6. Bd2 O-O 7. O-O-O Re8
8. Qg3 Rxe4 9. a3 Rg4 10. Qe3 Ba5 11. f3 Rd4 12. Bd3 Bxc3 13. Bxc3 Nd5 14. Qe1
Nxc3 15. Qxc3 Qg5+ 16. f4 Qxf4+ 17. Kb1 d6 18. Ne2 Rxd3 19. Rxd3 Qe5 20. Re3
Be6 21. Rxe5 dxe5 22. Ng3 f5 23. Nxf5 1-0

[Event "Besancon TPG II-Reims Echec et Mat"]
[Site "Metz"]
[Date "2007.11.24"]
[Round "2.2"]
[White "Camus, Berenger"]
[Black "Bonneville, Jean Paul"]
[Result "0-1"]
[WhiteElo "2157"]
[BlackElo "2208"]
[PlyCount "70"]
[EventDate "2007.11.24"]
[SourceDate "2007.10.27"]

1. d4 Nf6 2. c4 e6 3. Nf3 b6 4. g3 Ba6 5. b3 Bb4+ 6. Bd2 Be7 7. Bg2 c6 8. O-O
d5 9. Ne5 O-O 10. cxd5 exd5 11. Nc3 Re8 12. Re1 Bb7 13. Qc2 c5 14. dxc5 Bxc5
15. Nd3 Nbd7 16. Nxc5 Nxc5 17. Bg5 d4 18. Bxb7 Nxb7 19. Nb5 Rc8 20. Qd3 a6 21.
Nxd4 Nc5 22. Qd1 Nce4 23. Nf3 Qxd1 24. Raxd1 Ng4 25. Rf1 Nxg5 26. Nxg5 h6 27.
Nf3 Rxe2 28. h3 Nf6 29. Rd6 Ne4 30. Rxb6 Rc3 31. Nd4 Rd2 32. Nc6 Rcc2 33. Nb4
Rb2 34. Kg2 Nxf2 35. Nxa6 Ng4+ 0-1

[Event "Besancon TPG II-Reims Echec et Mat"]
[Site "Metz"]
[Date "2007.11.24"]
[Round "2.3"]
[White "Coulon, Maxcellend"]
[Black "Oudot, Jean Baptiste"]
[Result "0-1"]
[WhiteElo "2058"]
[BlackElo "2104"]
[PlyCount "126"]
[EventDate "2007.11.24"]
[SourceDate "2007.10.27"]

1. e4 c5 2. Nf3 Nc6 3. Bb5 Na5 4. O-O a6 5. Be2 e6 6. Re1 b5 7. a4 b4 8. d4
cxd4 9. Qxd4 Qc7 10. Bd3 Nf6 11. e5 Nd5 12. Nbd2 Bb7 13. Qh4 Be7 14. Qg3 f5 15.
exf6 gxf6 16. Qxc7 Nxc7 17. Nd4 Kf7 18. N2b3 Nxb3 19. Nxb3 Rhg8 20. g3 f5 21.
Na5 Bd5 22. Nc4 Bxc4 23. Bxc4 d5 24. Bf4 Ne8 25. Bd3 Bf6 26. Be5 Bxe5 27. Rxe5
Nd6 28. Re2 a5 29. Rae1 Rge8 30. b3 Rac8 31. Kg2 Kf6 32. f4 Rc3 33. Re5 Ne4 34.
Re2 h5 35. Kf1 h4 36. gxh4 Rg8 37. Bxe4 fxe4 38. Rg5 Rh8 39. h5 Rf3+ 40. Rf2
Rh3 41. Rg6+ Kf5 42. Rg5+ Kf6 43. Rg6+ Ke7 44. f5 exf5 45. Rxf5 R8xh5 46. Rff6
Rc3 47. Re6+ Kd7 48. Rd6+ Kc7 49. Ra6 Kb7 50. Rab6+ Kc8 51. Rg7 Rxh2 52. Ra6
Rc7 53. Rxc7+ Kxc7 54. Rxa5 Kd6 55. Rb5 Rxc2 56. Rxb4 e3 57. Rg4 Ke5 58. Rg2
Rc3 59. Rb2 d4 60. a5 d3 61. Rb1 d2 62. Rd1 Rc1 63. Ke2 Kd4 0-1

[Event "Besancon TPG II-Reims Echec et Mat"]
[Site "Metz"]
[Date "2007.11.24"]
[Round "2.4"]
[White "Garcia, Gilles"]
[Black "Lozac'hmeur, Yann"]
[Result "1-0"]
[WhiteElo "2017"]
[BlackElo "2052"]
[PlyCount "60"]
[EventDate "2007.11.24"]
[SourceDate "2007.10.27"]

1. d4 Nf6 2. Nc3 g6 3. e4 d6 4. f4 Bg7 5. e5 dxe5 6. fxe5 Nd5 7. Bc4 Nxc3 8.
bxc3 c5 9. Be3 O-O 10. Nf3 Nc6 11. O-O Bg4 12. Qd2 Bxf3 13. Rxf3 cxd4 14. cxd4
Qa5 15. c3 Rad8 16. Qc1 Qc7 17. Bb3 h5 18. g4 hxg4 19. Rg3 Na5 20. Rxg4 Nxb3
21. axb3 Rc8 22. c4 Qb6 23. Rb1 Rfd8 24. Rh4 Qe6 25. Bh6 Bh8 26. Qg5 Rc7 27.
Rf1 Rcd7 28. Qg3 Qb6 29. Qf3 e6 30. Bg5 Rxd4 1-0

[Event "Besancon TPG II-Reims Echec et Mat"]
[Site "Metz"]
[Date "2007.11.24"]
[Round "2.5"]
[White "Poignot, Quentin"]
[Black "Castanier, Carl"]
[Result "1-0"]
[WhiteElo "2022"]
[BlackElo "1995"]
[PlyCount "125"]
[EventDate "2007.11.24"]
[SourceDate "2007.10.27"]

1. e4 e5 2. Nf3 Nc6 3. Bc4 Bc5 4. c3 Nf6 5. d4 exd4 6. cxd4 Bb4+ 7. Bd2 Bxd2+
8. Nbxd2 d5 9. exd5 Ne7 10. Qa4+ Bd7 11. Qb3 O-O 12. Qxb7 Rb8 13. Qxa7 Nexd5
14. O-O Rxb2 15. Bb3 Qa8 16. Qxa8 Rxa8 17. Rfe1 Nf4 18. Nc4 Re2 19. Rxe2 Nxe2+
20. Kf1 Nf4 21. Nce5 Be6 22. Bxe6 Nxe6 23. a4 Nd5 24. a5 Nb4 25. Ra4 Na6 26.
Nc6 Kf8 27. Ke1 Ke8 28. Kd2 Kd7 29. Nce5+ Ke7 30. Kc3 f6 31. Nc6+ Kd6 32. Nb4
Nb8 33. Nd2 Nxd4 34. Kxd4 c5+ 35. Kc4 cxb4 36. Kxb4 Kc6 37. Nb3 Na6+ 38. Kc4
Rb8 39. Nd4+ Kb7 40. Ra1 Rc8+ 41. Kb3 Nc5+ 42. Kc4 Na6+ 43. Kd5 Rd8+ 44. Ke4
Nc5+ 45. Ke3 Re8+ 46. Kf3 Re5 47. Nc2 g5 48. g3 h5 49. Nb4 Rf5+ 50. Kg2 Na6 51.
Nxa6 Kxa6 52. f3 Rc5 53. Ra2 Rc3 54. h4 Rc4 55. hxg5 fxg5 56. Ra3 Rc6 57. f4
gxf4 58. gxf4 Rf6 59. Kf3 h4 60. Kg4 Rh6 61. f5 Kb5 62. a6 Kc5 63. a7 1-0

[Event "Besancon TPG II-Reims Echec et Mat"]
[Site "Metz"]
[Date "2007.11.24"]
[Round "2.6"]
[White "Billon, Olivier"]
[Black "Sermier, Alain"]
[Result "1/2-1/2"]
[WhiteElo "1928"]
[BlackElo "2099"]
[PlyCount "94"]
[EventDate "2007.11.24"]
[SourceDate "2007.10.27"]

1. e4 e5 2. Nf3 Nc6 3. Bb5 a6 4. Ba4 d6 5. O-O Bd7 6. c3 Nge7 7. d4 Ng6 8. Re1
Be7 9. Nbd2 Nh4 10. Bxc6 Bxc6 11. dxe5 Nxf3+ 12. Nxf3 dxe5 13. Qxd8+ Rxd8 14.
Nxe5 Bxe4 15. Bf4 Bf5 16. Nc4 Rd7 17. Rad1 Be6 18. Na5 c5 19. a3 b6 20. Nc6 a5
21. Rxd7 Kxd7 22. Nxe7 Kxe7 23. Bc7 Kd7 24. Bxb6 Rb8 25. Bxc5 Rxb2 26. Rc1 Bf5
27. f3 h5 28. h4 g6 29. Bf8 Kc6 30. Be7 Rb7 31. Bd8 Rb3 32. Bxa5 Rxa3 33. Bb4
Ra2 34. Rd1 Rc2 35. Rd4 Be6 36. g4 hxg4 37. fxg4 Bd5 38. h5 gxh5 39. gxh5 Rg2+
40. Kf1 Rh2 41. c4 Be6 42. Rd6+ Kb7 43. c5 Rxh5 44. Rb6+ Kc7 45. Ba5 Rxc5 46.
Rxe6+ Rxa5 47. Re7+ Kd6 1/2-1/2

[Event "Besancon TPG II-Reims Echec et Mat"]
[Site "Metz"]
[Date "2007.11.24"]
[Round "2.7"]
[White "Pellaton, Bernard"]
[Black "Barnier, Christophe"]
[Result "1/2-1/2"]
[WhiteElo "2066"]
[BlackElo "1925"]
[PlyCount "29"]
[EventDate "2007.11.24"]
[SourceDate "2007.10.27"]

1. Nf3 d5 2. d4 Nf6 3. g3 c6 4. Bg2 Bf5 5. Nbd2 h6 6. c4 e6 7. O-O Be7 8. Ne5
O-O 9. cxd5 exd5 10. Ndf3 Be4 11. b3 Nbd7 12. Nxd7 Nxd7 13. Bb2 Bf6 14. Qd2 Re8
15. Ne1 1/2-1/2

[Event "Besancon TPG II-Reims Echec et Mat"]
[Site "Metz"]
[Date "2007.11.24"]
[Round "2.8"]
[White "Desanlis, Anne Sophie"]
[Black "Lamotte, Gaelle"]
[Result "1/2-1/2"]
[WhiteElo "1910"]
[BlackElo "1919"]
[PlyCount "64"]
[EventDate "2007.11.24"]
[SourceDate "2007.10.27"]

1. c4 e5 2. g3 Nf6 3. Bg2 d5 4. cxd5 Nxd5 5. Nc3 Nb6 6. Nf3 Nc6 7. O-O Be7 8.
a3 O-O 9. b4 Be6 10. d3 a5 11. b5 Nd4 12. Nxd4 exd4 13. Na4 Nd5 14. Bb2 Bf6 15.
Nc5 Qe8 16. a4 Rb8 17. Nxe6 Qxe6 18. Bxd5 Qxd5 19. Rc1 Rbc8 20. Rc4 Rfd8 21.
Qd2 b6 22. Rfc1 Rd7 23. R1c2 h5 24. Qc1 h4 25. Rxc7 Rcxc7 26. Rxc7 Rxc7 27.
Qxc7 Qe6 28. Qc6 Qxe2 29. Qc8+ Kh7 30. Qf5+ Kg8 31. Qc8+ Kh7 32. Qf5+ Kg8
1/2-1/2

[Event "Metz Fischer II-Obernai"]
[Site "Metz"]
[Date "2007.11.24"]
[Round "2.1"]
[White "Gladyszev, Oleg"]
[Black "Dittmar, Peter"]
[Result "1-0"]
[WhiteElo "2472"]
[BlackElo "2318"]
[PlyCount "107"]
[EventDate "2007.11.24"]
[SourceDate "2007.10.27"]

1. d4 d5 2. c4 e6 3. Nc3 Nf6 4. cxd5 exd5 5. Bg5 c6 6. e3 Nbd7 7. Qc2 Be7 8.
Nf3 Nh5 9. Bxe7 Qxe7 10. O-O-O Nb6 11. Ne5 f6 12. Nd3 g6 13. h3 f5 14. Ne5 Nd7
15. Nxd7 Bxd7 16. Bd3 Nf6 17. g4 Ne4 18. Rhg1 O-O 19. gxf5 Bxf5 20. Bxe4 Bxe4
21. Nxe4 Qxe4 22. Qxe4 dxe4 23. Rd2 Rf3 24. h4 Rf5 25. Kd1 Kg7 26. Rg4 Re8 27.
Ke2 Kh6 28. Rd1 Ra5 29. Ra1 Rf5 30. Rag1 Ra5 31. a3 Rf5 32. Rg5 Ref8 33. Rxf5
Rxf5 34. Rg4 Rb5 35. b4 a5 36. bxa5 Rxa5 37. Rxe4 Rxa3 38. Re7 b5 39. Rc7 Ra2+
40. Kf3 Ra6 41. Ke4 Rb6 42. Kd3 Ra6 43. e4 Ra3+ 44. Kd2 Ra2+ 45. Ke3 Ra3+ 46.
Kf4 Ra6 47. e5 Rb6 48. e6 b4 49. e7 Rb8 50. Rb7 Re8 51. Ke5 g5 52. hxg5+ Kxg5
53. f4+ Kg6 54. Ke6 1-0

[Event "Metz Fischer II-Obernai"]
[Site "Metz"]
[Date "2007.11.24"]
[Round "2.2"]
[White "Stahl, Clement"]
[Black "Cekro, Ekrem"]
[Result "1/2-1/2"]
[WhiteElo "2026"]
[BlackElo "2433"]
[PlyCount "55"]
[EventDate "2007.11.24"]
[SourceDate "2007.10.27"]

1. e4 g6 2. d4 Bg7 3. Bc4 c6 4. Qf3 e6 5. d5 Qe7 6. Ne2 Nf6 7. Nbc3 e5 8. Bg5
d6 9. dxc6 bxc6 10. O-O-O O-O 11. Qd3 Rd8 12. f4 exf4 13. Bxf4 Ne8 14. Nd4 Bb7
15. Nf3 Nd7 16. Bxd6 Nxd6 17. Qxd6 Qxd6 18. Rxd6 Nb6 19. Rxd8+ Rxd8 20. Bd3 c5
21. Rd1 Bxc3 22. bxc3 c4 23. Bf1 Rxd1+ 24. Kxd1 Bxe4 25. Nd2 Bf5 26. Ke2 Kf8
27. Ke3 Ke7 28. Kd4 1/2-1/2

[Event "Metz Fischer II-Obernai"]
[Site "Metz"]
[Date "2007.11.24"]
[Round "2.3"]
[White "Bogoevski, Jani"]
[Black "Koehler, Jerome"]
[Result "1-0"]
[WhiteElo "2287"]
[BlackElo "2031"]
[PlyCount "104"]
[EventDate "2007.11.24"]
[SourceDate "2007.10.27"]

1. Nf3 Nf6 2. d4 g6 3. g3 Bg7 4. Bg2 O-O 5. O-O d6 6. b3 Re8 7. Bb2 d5 8. Nbd2
Bf5 9. Nh4 Qd7 10. Nxf5 Qxf5 11. e4 Nxe4 12. Nxe4 dxe4 13. Re1 c5 14. Rxe4 Nc6
15. Rf4 Qd7 16. d5 Bxb2 17. dxc6 Qxd1+ 18. Rxd1 bxc6 19. Bxc6 Red8 20. Rb1 Rac8
21. Rxb2 Rxc6 22. c3 Rd5 23. Rc4 Rcd6 24. Kg2 Kg7 25. Re2 e6 26. Ra4 a6 27. c4
Rd3 28. Ra5 Rc6 29. Re5 Rd2 30. Kf3 Kf6 31. Re3 Ke7 32. g4 Rd4 33. h3 Kf6 34.
Ke2 e5 35. Rd3 Ke6 36. Rxd4 exd4 37. Kd3 Kd6 38. a3 Kc7 39. g5 f5 40. b4 Kb6
41. Rxc5 Re6 42. Rd5 Re1 43. Rxd4 Ra1 44. Rh4 Rxa3+ 45. Kd4 Rf3 46. Rxh7 Rxf2
47. Rh6 Rf4+ 48. Kd5 Kb7 49. Rxg6 Rf3 50. Rg7+ Kb6 51. c5+ Kb5 52. Rb7+ Ka4 1-0

[Event "Metz Fischer II-Obernai"]
[Site "Metz"]
[Date "2007.11.24"]
[Round "2.4"]
[White "Wimmer, Olivier"]
[Black "Taddei, Benoit"]
[Result "0-1"]
[WhiteElo "2074"]
[BlackElo "2257"]
[PlyCount "96"]
[EventDate "2007.11.24"]
[SourceDate "2007.10.27"]

1. d4 Nf6 2. Nf3 d5 3. g3 g6 4. Bg2 Bg7 5. O-O O-O 6. c4 dxc4 7. Ne5 Nfd7 8.
Nxc4 Nb6 9. Nxb6 axb6 10. e3 c6 11. Nc3 b5 12. b3 e5 13. dxe5 Bxe5 14. Bb2 b4
15. Na4 Bxb2 16. Nxb2 Qf6 17. Qc2 Rd8 18. Na4 Bf5 19. e4 Bg4 20. h3 Be6 21. f4
Qd4+ 22. Kh2 Qd2 23. Rf2 Qxc2 24. Rxc2 Nd7 25. Rd1 b5 26. Nc5 Nxc5 27. Rxd8+
Rxd8 28. Rxc5 Rd2 29. Rxc6 Rxa2 30. Rb6 Bxb3 31. Rxb5 Bc4 32. Rb8+ Kg7 33. Kg1
b3 34. e5 Ra1+ 35. Kf2 Ra2+ 36. Kg1 Re2 37. Bf3 Rd2 38. Rb4 b2 39. Be4 Ba2 40.
Kf1 b1=Q+ 41. Bxb1 Rd1+ 42. Ke2 Rxb1 43. Rxb1 Bxb1 44. Ke3 Kf8 45. Kf3 Ke7 46.
Kg4 h6 47. h4 Bf5+ 48. Kf3 h5 0-1

[Event "Metz Fischer II-Obernai"]
[Site "Metz"]
[Date "2007.11.24"]
[Round "2.5"]
[White "Staeger, Pascal"]
[Black "Remaitre, Alexandre"]
[Result "1-0"]
[WhiteElo "2085"]
[BlackElo "2058"]
[PlyCount "109"]
[EventDate "2007.11.24"]
[SourceDate "2007.10.27"]

1. e4 c5 2. Nc3 Nc6 3. g3 g6 4. Bg2 Bg7 5. d3 e6 6. Be3 Nge7 7. Qd2 Nd4 8. Nd1
b6 9. c3 Ndc6 10. Bh6 O-O 11. h4 f6 12. h5 Bxh6 13. Qxh6 g5 14. Nf3 Kh8 15.
Nxg5 fxg5 16. Qxg5 Ng8 17. Qd2 Qf6 18. f4 e5 19. f5 Qh6 20. Qxh6 Nxh6 21. Ne3
Rg8 22. Rh3 Ba6 23. Ke2 Ng4 24. Nd5 Raf8 25. b3 Nf6 26. Ne3 Rg5 27. Bf3 b5 28.
a3 Rfg8 29. Kf2 b4 30. c4 bxa3 31. Rxa3 Bc8 32. Nd5 Nxd5 33. cxd5 Nb4 34. Rxa7
Nxd3+ 35. Ke3 Nb4 36. g4 Nc2+ 37. Kd2 Nd4 38. Bd1 Rd8 39. h6 d6 40. Ra8 Kg8 41.
Kc3 Kf7 42. b4 cxb4+ 43. Kxb4 Rgg8 44. Rc3 Bd7 45. Rxd8 Rxd8 46. g5 Rb8+ 47.
Ka5 Rc8 48. Rxc8 Bxc8 49. Bh5+ Kg8 50. Kb6 Bxf5 51. exf5 Nxf5 52. Kc7 Ng3 53.
Kxd6 Nxh5 54. Kxe5 Kf7 55. d6 1-0

[Event "Metz Fischer II-Obernai"]
[Site "Metz"]
[Date "2007.11.24"]
[Round "2.6"]
[White "Riotte, Christian"]
[Black "Carrillo, Jesus"]
[Result "0-1"]
[WhiteElo "2038"]
[BlackElo "2162"]
[PlyCount "116"]
[EventDate "2007.11.24"]
[SourceDate "2007.10.27"]

1. d4 Nf6 2. c4 g6 3. Nc3 Bg7 4. Nf3 O-O 5. e3 d6 6. Be2 Nbd7 7. O-O e5 8. dxe5
dxe5 9. e4 c6 10. Qc2 Qe7 11. h3 Nh5 12. Re1 Nc5 13. b4 Ne6 14. c5 a5 15. Qb2
axb4 16. Qxb4 Qxc5 17. Qxc5 Nxc5 18. Be3 Na4 19. Nxa4 Rxa4 20. Nd2 Nf4 21. Bd1
Ra6 22. Bb3 Nd3 23. Reb1 Nf4 24. a4 Ne2+ 25. Kf1 Nd4 26. Bc4 Ra8 27. Ra2 Rd8
28. Bg5 Re8 29. Nb3 Ne6 30. Be3 Bf8 31. Bb6 Kg7 32. Rd1 f5 33. exf5 gxf5 34. a5
Be7 35. Re2 Bf6 36. Red2 e4 37. Ra2 Bd8 38. Bxd8 Rxd8 39. Rad2 Rxd2 40. Rxd2
Kf6 41. g3 Ke7 42. Ke2 Ng5 43. h4 Nf3 44. Rd1 Ne5 45. Bg8 h6 46. Bh7 Be6 47.
Nc5 Rh8 48. Nxb7 Rxh7 49. Ke3 Ng4+ 50. Kd4 Kf6 51. Nc5 Rh8 52. Rb1 Rd8+ 53. Kc3
Nxf2 54. a6 Nd1+ 55. Kb4 e3 56. Nb7 Rd4+ 57. Kc5 Rc4+ 58. Kd6 e2 0-1

[Event "Metz Fischer II-Obernai"]
[Site "Metz"]
[Date "2007.11.24"]
[Round "2.7"]
[White "Hartmann, Dominique"]
[Black "Brunstein, Sandrine"]
[Result "0-1"]
[WhiteElo "1952"]
[BlackElo "2081"]
[PlyCount "70"]
[EventDate "2007.11.24"]
[SourceDate "2007.10.27"]

1. d4 e6 2. Bf4 Nf6 3. e3 b6 4. Nd2 Bb7 5. Ngf3 Be7 6. h3 d6 7. c3 Nbd7 8. Qc2
c5 9. a4 d5 10. Qd1 O-O 11. Bd3 Ne4 12. O-O g5 13. Bh2 f5 14. Ne5 Nxe5 15. dxe5
Nxd2 16. Qxd2 Qe8 17. Qe2 c4 18. Bc2 Rc8 19. f4 Rc7 20. Kf2 Bc5 21. Ke1 Rg7 22.
fxg5 Rxg5 23. Bf4 Rg6 24. Rg1 Be7 25. Kd2 Kh8 26. g4 Rfg8 27. Qf2 Qd7 28. h4
Rxg4 29. h5 d4 30. e4 fxe4 31. cxd4 Rg2 32. Qxg2 Rxg2+ 33. Rxg2 e3+ 34. Kxe3
Bxg2 35. Rg1 Qd5 0-1

[Event "Metz Fischer II-Obernai"]
[Site "Metz"]
[Date "2007.11.24"]
[Round "2.8"]
[White "Grandidier, Raphael"]
[Black "Lupfer, Anny"]
[Result "1-0"]
[WhiteElo "1744"]
[BlackElo "2018"]
[PlyCount "35"]
[EventDate "2007.11.24"]
[SourceDate "2007.10.27"]

1. e4 c6 2. d4 d5 3. Nc3 dxe4 4. Nxe4 Nd7 5. Nf3 Ngf6 6. Ng3 e6 7. Bd3 Be7 8.
O-O a6 9. Re1 b5 10. Qe2 Bb7 11. Ne5 c5 12. Nxf7 Qb6 13. Nxh8 cxd4 14. Qxe6
Qxe6 15. Rxe6 Nc5 16. Re2 Nxd3 17. cxd3 Bd5 18. Nf5 1-0

[Event "Montrevel en Bresse-Mundolsheim"]
[Site "Montrevel en Bresse"]
[Date "2007.11.25"]
[Round "3.1"]
[White "Janev, Evgeni"]
[Black "Kunin, Vitaly"]
[Result "1/2-1/2"]
[WhiteElo "2481"]
[BlackElo "2507"]
[PlyCount "105"]
[EventDate "2007.11.25"]
[SourceDate "2007.10.27"]

1. e4 e5 2. Nf3 Nf6 3. Nc3 Nc6 4. a3 Be7 5. d4 exd4 6. Nxd4 O-O 7. Nxc6 dxc6 8.
Bf4 Bd6 9. Qd2 Re8 10. Bd3 Bxf4 11. Qxf4 Nd5 12. Qd2 Nxc3 13. Qxc3 Qg5 14. Qd2
Qxd2+ 15. Kxd2 Be6 16. Rad1 f6 17. f3 Rad8 18. Ke3 Kf7 19. h4 f5 20. Kf4 fxe4
21. Bxe4 h6 22. Rxd8 Rxd8 23. g4 Rd2 24. Re1 Rh2 25. Kg3 Rd2 26. g5 c5 27. f4
b6 28. h5 Kf8 29. Re3 Bf7 30. Kg4 Be6+ 31. f5 Bc4 32. Kf4 hxg5+ 33. Kxg5 Kf7
34. b3 Bf1 35. a4 a5 36. Re1 Bg2 37. Bd3 Bd5 38. Re3 Rg2+ 39. Kf4 Kf6 40. Re8
Rf2+ 41. Ke3 Rf3+ 42. Kd2 Rh3 43. Rc8 Rxh5 44. Rxc7 Rh4 45. Rd7 Ke5 46. Rxg7 c4
47. bxc4 Bxc4 48. Re7+ Kf6 49. Rb7 Bxd3 50. Rxb6+ Kxf5 51. Kxd3 Rxa4 52. c4 Ke5
53. Kc3 1/2-1/2

[Event "Montrevel en Bresse-Mundolsheim"]
[Site "Montrevel en Bresse"]
[Date "2007.11.25"]
[Round "3.2"]
[White "Anka, Emil"]
[Black "Lamoureux, Charles"]
[Result "1/2-1/2"]
[WhiteElo "2407"]
[BlackElo "2360"]
[PlyCount "41"]
[EventDate "2007.11.25"]
[SourceDate "2007.10.27"]

1. e4 c5 2. Nf3 e6 3. d4 cxd4 4. Nxd4 a6 5. Bd3 Bc5 6. Nb3 Be7 7. a4 b6 8. a5
b5 9. O-O d6 10. c4 b4 11. Be3 Nd7 12. N1d2 Ngf6 13. f4 O-O 14. Qe2 Bb7 15. Kh1
g6 16. Bg1 Qb8 17. Rae1 Nh5 18. Qe3 Qd8 19. Be2 Ng7 20. Bf3 Qc7 21. Qe2 1/2-1/2

[Event "Montrevel en Bresse-Mundolsheim"]
[Site "Montrevel en Bresse"]
[Date "2007.11.25"]
[Round "3.3"]
[White "Ivanov, Jordan"]
[Black "Peter, Sebastien"]
[Result "1-0"]
[WhiteElo "2370"]
[BlackElo "2292"]
[PlyCount "93"]
[EventDate "2007.11.25"]
[SourceDate "2007.10.27"]

1. d4 e6 2. c4 b6 3. Nc3 Bb7 4. Nf3 f5 5. a3 Nf6 6. d5 a5 7. g3 Na6 8. Bg2 Nc5
9. Nd4 g6 10. Bf4 Nh5 11. Be5 Bg7 12. Bxg7 Nxg7 13. b4 axb4 14. axb4 Rxa1 15.
Qxa1 Na6 16. Ndb5 O-O 17. Qa3 d6 18. O-O e5 19. Rd1 Qe7 20. Na4 f4 21. c5 dxc5
22. bxc5 bxc5 23. Qb3 Qf7 24. Nac3 Nb4 25. Nxc7 Qxc7 26. d6+ Qf7 27. Qxf7+ Kxf7
28. Bxb7 fxg3 29. hxg3 Nf5 30. Ne4 Rd8 31. e3 h5 32. Kg2 c4 33. Rb1 Nd3 34.
Bd5+ Kg7 35. Bxc4 Nxf2 36. Kxf2 Nxd6 37. Nxd6 Rxd6 38. Kf3 Rc6 39. Bd5 Ra6 40.
Rc1 Ra5 41. Be4 g5 42. Rc7+ Kf8 43. Bg6 g4+ 44. Ke4 h4 45. gxh4 Ra4+ 46. Kxe5
g3 47. h5 1-0

[Event "Montrevel en Bresse-Mundolsheim"]
[Site "Montrevel en Bresse"]
[Date "2007.11.25"]
[Round "3.4"]
[White "Hoffmann, Regis"]
[Black "Chebance, Benoit"]
[Result "1-0"]
[WhiteElo "2116"]
[BlackElo "2010"]
[PlyCount "77"]
[EventDate "2007.11.25"]
[SourceDate "2007.10.27"]

1. d4 d5 2. Bg5 Nf6 3. Nd2 Bf5 4. e3 Nbd7 5. Ngf3 e6 6. h3 Be7 7. c4 c6 8. Qb3
Qb6 9. Be2 h6 10. Bf4 O-O 11. c5 Qxb3 12. axb3 Ne4 13. b4 Nxd2 14. Nxd2 Bf6 15.
Bd6 Rfe8 16. f4 Bh4+ 17. Kf1 Bg3 18. Ra3 Bh4 19. g4 Bh7 20. b5 Rec8 21. bxc6
Rxc6 22. Bb5 Nf6 23. Bxc6 bxc6 24. Ke2 Be4 25. Rg1 Kh7 26. Ra6 Bc2 27. Rc1 Be4
28. Nxe4 dxe4 29. Rxc6 Nd5 30. Ra6 f5 31. c6 fxg4 32. hxg4 Nf6 33. c7 Rc8 34.
Rxa7 g5 35. b4 gxf4 36. Bxf4 Nxg4 37. b5 Kg6 38. b6 e5 39. dxe5 1-0

[Event "Montrevel en Bresse-Mundolsheim"]
[Site "Montrevel en Bresse"]
[Date "2007.11.25"]
[Round "3.5"]
[White "Cavillon, Fabien"]
[Black "Martin, Cedric"]
[Result "1/2-1/2"]
[WhiteElo "2098"]
[BlackElo "2091"]
[PlyCount "69"]
[EventDate "2007.11.25"]
[SourceDate "2007.10.27"]

1. e4 c5 2. Nc3 d6 3. g3 Nc6 4. Bg2 g6 5. d3 Bg7 6. Be3 e5 7. Qd2 Nd4 8. f4 Ne7
9. Nce2 O-O 10. c3 Ndc6 11. Nf3 Qa5 12. O-O f5 13. a3 Kh8 14. b4 cxb4 15. axb4
Qc7 16. b5 fxe4 17. dxe4 Na5 18. fxe5 dxe5 19. c4 Nb3 20. Qb4 Nxa1 21. Rxa1 Bg4
22. Rf1 a5 23. bxa6 bxa6 24. Nc3 a5 25. Qa4 Qc6 26. h3 Be6 27. c5 h6 28. Rb1
Bxh3 29. Qxc6 Nxc6 30. Nh4 Bxg2 31. Nxg6+ Kg8 32. Nxf8 Bxe4 33. Nxe4 Bxf8 34.
Rb7 Ra7 35. Rb6 1/2-1/2

[Event "Montrevel en Bresse-Mundolsheim"]
[Site "Montrevel en Bresse"]
[Date "2007.11.25"]
[Round "3.6"]
[White "Briet, Antoine"]
[Black "Lamoureux, Izabelle"]
[Result "1/2-1/2"]
[WhiteElo "2169"]
[BlackElo "2084"]
[PlyCount "79"]
[EventDate "2007.11.25"]
[SourceDate "2007.10.27"]

1. e4 c5 2. Nf3 Nc6 3. d4 cxd4 4. Nxd4 Nf6 5. Nc3 e5 6. Ndb5 d6 7. Bg5 a6 8.
Na3 b5 9. Bxf6 gxf6 10. Nd5 Bg7 11. Bd3 Ne7 12. Nxe7 Qxe7 13. c4 f5 14. O-O O-O
15. Qf3 f4 16. cxb5 Qg5 17. Bc4 Bg4 18. Qb3 f3 19. g3 Qh5 20. Rfd1 axb5 21.
Nxb5 Rac8 22. Nxd6 Rxc4 23. Qxc4 Be6 24. Qb5 Bh3 25. Ne8 Bg2 26. Rd6 Bh8 27.
Nf6+ Bxf6 28. Rxf6 Qh3 29. g4 Bh1 30. Qf1 Bg2 31. Rxf3 Bxf1 32. Rxh3 Bxh3 33.
f3 h5 34. Kf2 h4 35. Rc1 Rd8 36. Ke2 Bg2 37. b4 Ra8 38. Rc5 Rxa2+ 39. Ke3 f6
40. g5 1/2-1/2

[Event "Montrevel en Bresse-Mundolsheim"]
[Site "Montrevel en Bresse"]
[Date "2007.11.25"]
[Round "3.7"]
[White "Testard, Philippe"]
[Black "Duchateau, Thomas"]
[Result "0-1"]
[WhiteElo "2011"]
[BlackElo "2134"]
[PlyCount "60"]
[EventDate "2007.11.25"]
[SourceDate "2007.10.27"]

1. d4 Nf6 2. Nf3 c5 3. d5 e6 4. c4 exd5 5. cxd5 Bd6 6. Nc3 Bc7 7. g3 d6 8. Bg2
O-O 9. O-O Re8 10. Nd2 Nbd7 11. e4 a6 12. a4 Rb8 13. h3 b5 14. axb5 axb5 15. f4
c4 16. b4 cxb3 17. Nxb3 b4 18. e5 dxe5 19. Na4 exf4 20. Bxf4 Bxf4 21. Rxf4 Ne5
22. Nbc5 Qd6 23. Rd4 Ned7 24. Nxd7 Bxd7 25. Qb3 Qe5 26. Rad1 Bxa4 27. Qxa4 Qxg3
28. d6 Re1+ 29. Rxe1 Qxe1+ 30. Kh2 Qe5+ 0-1